[Event "Fast SC for NEW members"]
[Site "SchemingMind.com"]
[Date "2006.12.14"]
[Round "-"]
[White "Kite"]
[Black "jankep"]
[Result "0-1"]
[WhiteCountry "USA"]
[BlackCountry "POL"]
[WhiteElo "1135"]
[WhiteRD "189"]
[BlackElo "1977"]
[BlackRD "93"]
[GameID "81995"]

1. e4 e6 2. f4 d5 3. c4 dxe4 4. d4 Nc6 5. Be3 Nh6 6. d5 exd5 7. Nc3 d4 8. Bf2 dxc3 9. bxc3 Bd6 10. Bg3 O-O
11. Bf2 Bxf4 12. Nh3 Bxh3 13. gxh3 Qf6 14. Bd4 Nxd4 15. cxd4 Be3 16. Qe2 Qxd4 17. Rd1 Qc3+ 18. Rd2 Rad8 19. Rg1 Rxd2 20. Qh5 Rd5+
21. Ke2 Rxh5 22. Bg2 Qd2+ 23. Kf1 Qf2#
0-1

[Event "Fast SC for NEW members"]
[Site "SchemingMind.com"]
[Date "2006.12.14"]
[Round "-"]
[White "Trilobita"]
[Black "jankep"]
[Result "0-1"]
[WhiteCountry "BRA"]
[BlackCountry "POL"]
[WhiteElo "1566"]
[WhiteRD "179"]
[BlackElo "1977"]
[BlackRD "93"]
[GameID "82066"]

1. e4 e6 2. d4 d5 3. Nc3 Nf6 4. e5 Ne4 5. Nxe4 dxe4 6. Ne2 c5 7. Be3 Be7 8. dxc5 Nd7 9. b4 a5 10. c3 axb4
11. cxb4 O-O 12. Nc3 Nxe5 13. Nxe4 Qxd1+ 14. Rxd1 Rxa2 15. Nd6 Rd8 16. Nxc8 Rxc8 17. Bb5 Rb2 18. O-O Rxb4 19. Be2 Nc4 20. Bxc4 Rxc4
21. Rd7 Bxc5 22. Bxc5 R4xc5 23. Rxb7 R5c7 24. Rxc7 Rxc7 25. g3 g5 26. h3 h5 27. Re1 Kh7 28. f3 Kg6 29. Kf2 Rc2+ 30. Re2 Rxe2+
31. Kxe2 f5 32. f4 h4 33. Kf3 Kh5 34. g4+ fxg4+ 35. hxg4+ Kg6
0-1

[Event "Fast SC for NEW members"]
[Site "SchemingMind.com"]
[Date "2006.12.14"]
[Round "-"]
[White "Trilobita"]
[Black "Kite"]
[Result "1-0"]
[WhiteCountry "BRA"]
[BlackCountry "USA"]
[WhiteElo "1566"]
[WhiteRD "179"]
[BlackElo "1135"]
[BlackRD "189"]
[GameID "82067"]

1. e4 Nf6 2. e5 Ng4 3. Qxg4 d6 4. Qg3 g6 5. Nf3 e6 6. d4 f6 7. exf6 Qxf6 8. Bg5 Qf5 9. Bd3 Qa5+ 10. Nc3 Qb4
11. Rb1 d5 12. Qxc7 Na6 13. Qd8+ Kf7 14. Qf6+ Kg8 15. Bxg6 hxg6 16. Qxg6+
1-0

[Event "Fast SC for NEW members"]
[Site "SchemingMind.com"]
[Date "2006.12.15"]
[Round "-"]
[White "jankep"]
[Black "Trilobita"]
[Result "1-0"]
[WhiteCountry "POL"]
[BlackCountry "BRA"]
[WhiteElo "1977"]
[WhiteRD "93"]
[BlackElo "1566"]
[BlackRD "179"]
[GameID "82068"]

1. f4 d5 2. e3 Nf6 3. Be2 c5 4. Nf3 Nc6 5. O-O Bg4 6. Nc3 e6 7. Ne5 Bxe2 8. Qxe2 Be7 9. Nxc6 bxc6 10. d3 O-O
11. e4 c4 12. dxc4 Bc5+ 13. Kh1 dxe4 14. Rd1 Qc7 15. Nxe4 Nxe4 16. Qxe4 Rad8 17. Rd3 Rfe8 18. Bd2 f5 19. Rxd8 Qxd8 20. Qxc6 Bf2
21. Bc3 Re7 22. Qf3 Qb6 23. b4 Bh4 24. c5 Qb5 25. g3 Bf6 26. Bxf6 gxf6 27. c3 Qc4 28. Rd1 Kg7 29. a4 e5 30. fxe5 fxe5
31. Qxf5 Qe2 32. Rd8 Qe3 33. Qf8+ Kg6 34. Rd6+ Kh5 35. Qf5+ Qg5 36. Qh3+
1-0

[Event "Fast SC for NEW members"]
[Site "SchemingMind.com"]
[Date "2006.12.14"]
[Round "-"]
[White "Kite"]
[Black "Trilobita"]
[Result "0-1"]
[WhiteCountry "USA"]
[BlackCountry "BRA"]
[WhiteElo "1135"]
[WhiteRD "189"]
[BlackElo "1566"]
[BlackRD "179"]
[GameID "82069"]

1. e4 e6 2. f4 d5 3. d3 c5 4. f5 dxe4 5. dxe4 Qxd1+ 6. Kxd1 Nf6 7. Bf4 Nxe4 8. Ke1 Bd6 9. g3 Nc6 10. Bd3 exf5
11. Na3 O-O 12. Bxe4 Bxf4 13. gxf4 fxe4 14. Nb5 Bf5 15. Ne2 a6 16. Nc7 Rad8
0-1

[Event "Fast SC for NEW members"]
[Site "SchemingMind.com"]
[Date "2006.12.14"]
[Round "-"]
[White "Nightlamp"]
[Black "jankep"]
[Result "1/2-1/2"]
[WhiteCountry "BEL"]
[BlackCountry "POL"]
[WhiteElo "1839"]
[WhiteRD "88"]
[BlackElo "1977"]
[BlackRD "93"]
[GameID "82110"]

1. d4 c5 2. Nf3 cxd4 3. Nxd4 Nf6 4. c4 e5 5. Nb5 d5 6. cxd5 Bc5 7. e3 O-O 8. N5c3 e4 9. a3 a5 10. Nd2 Qe7
11. Be2 Rd8 12. O-O Na6 13. Nb3 Nc7 14. Nxc5 Qxc5 15. Qd4 Qxd4= 16. exd4 Ncxd5 17. Be3 Be6 18. h3 h6 19. Rac1 Rac8 20. Rfd1 Nxe3
21. fxe3 Bb3 22. Re1 Be6 23. Bb5 Nd5 24. Kf2=
1/2-1/2

[Event "Fast SC for NEW members"]
[Site "SchemingMind.com"]
[Date "2006.12.14"]
[Round "-"]
[White "Nightlamp"]
[Black "Kite"]
[Result "1-0"]
[WhiteCountry "BEL"]
[BlackCountry "USA"]
[WhiteElo "1839"]
[WhiteRD "88"]
[BlackElo "1135"]
[BlackRD "189"]
[GameID "82111"]

1. d4 c6 2. Nf3 Qa5+ 3. Nbd2 d5 4. e3 Bg4 5. Be2 Qc7 6. c4 e6 7. O-O Nf6 8. b3 Bb4 9. Bb2 Ne4 10. Nxe4 Be7
11. Ng3 Qd6 12. a4 Bxf3 13. Bxf3 h5 14. e4
1-0

[Event "Fast SC for NEW members"]
[Site "SchemingMind.com"]
[Date "2006.12.15"]
[Round "-"]
[White "Nightlamp"]
[Black "Trilobita"]
[Result "1-0"]
[WhiteCountry "BEL"]
[BlackCountry "BRA"]
[WhiteElo "1777"]
[WhiteRD "165"]
[BlackElo "1338"]
[BlackRD "292"]
[GameID "82112"]

1. d4 d5 2. Nf3 Nf6 3. g3 Bg4 4. Bg2 e6 5. O-O h6 6. c4 c5 7. Ne5 Bf5 8. Nc3 cxd4 9. Qxd4 Nc6 10. Nxc6 bxc6
11. cxd5 cxd5 12. e4 dxe4 13. Qa4+ Qd7 14. Qa6 Bc5 15. Rd1 Qe7 16. Qc6+
1-0

[Event "Fast SC for NEW members"]
[Site "SchemingMind.com"]
[Date "2006.12.15"]
[Round "-"]
[White "jankep"]
[Black "Nightlamp"]
[Result "1-0"]
[WhiteCountry "POL"]
[BlackCountry "BEL"]
[WhiteElo "1977"]
[WhiteRD "93"]
[BlackElo "1839"]
[BlackRD "88"]
[GameID "82113"]

1. f4 d5 2. e3 c5 3. b3 Nf6 4. Nf3 g6 5. Bb2 Bg7 6. Bb5+ Bd7 7. Bxd7+ Nbxd7 8. O-O O-O 9. d3 Qc7 10. Qe2 e6
11. c4 a6 12. Nbd2 b6 13. cxd5 exd5 14. Ne5 Rae8 15. d4 Nxe5 16. dxe5 Nd7 17. Qxa6 f6 18. Qd3 Qc6 19. e4 dxe4 20. Nxe4 fxe5
21. Nd6 Re6 22. Rad1 e4 23. Qc4 Bxb2 24. Qxe6+
1-0

[Event "Fast SC for NEW members"]
[Site "SchemingMind.com"]
[Date "2006.12.14"]
[Round "-"]
[White "Kite"]
[Black "Nightlamp"]
[Result "0-1"]
[WhiteCountry "USA"]
[BlackCountry "BEL"]
[WhiteElo "1135"]
[WhiteRD "189"]
[BlackElo "1839"]
[BlackRD "88"]
[GameID "82114"]

1. e4 c5 2. Bc4 Nc6 3. Qf3 Ne5 4. Qc3 Nxc4 5. Qxc4 e6 6. Nf3 a6 7. e5 d5 8. Qa4+ b5 9. Qh4 Qxh4 10. Nxh4 Ne7
11. O-O Nc6 12. Nf3 Be7 13. d3 O-O
0-1

[Event "Fast SC for NEW members"]
[Site "SchemingMind.com"]
[Date "2006.12.15"]
[Round "-"]
[White "Trilobita"]
[Black "Nightlamp"]
[Result "0-1"]
[WhiteCountry "BRA"]
[BlackCountry "BEL"]
[WhiteElo "1504"]
[WhiteRD "157"]
[BlackElo "1932"]
[BlackRD "79"]
[GameID "82115"]

1. e4 c5 2. Nf3 e6 3. d4 cxd4 4. Nxd4 a6 5. Nc3 Qc7 6. g3 Bb4 7. Bd2 Nf6 8. Bg2 Nc6 9. Nxc6 bxc6 10. O-O e5
11. Qe2 Be7 12. Kh1 a5 13. Rab1 Ba6 14. Qf3 Bxf1 15. Bxf1 O-O 16. Bc4 d6 17. Bg5 h6 18. Bd2 Rad8 19. Qe2 d5 20. exd5 cxd5
21. Bb5 d4 22. Ne4 Qxc2 23. Nxf6+ Bxf6 24. Bd3 Qc6+ 25. Be4 Qe6 26. b3 d3 27. Qf3 Bg5 28. Bxg5 hxg5 29. Bxd3 g6 30. Bc4 Qf5
31. Re1 Qxf3+
0-1

[Event "Fast SC for NEW members"]
[Site "SchemingMind.com"]
[Date "2006.12.15"]
[Round "-"]
[White "Majoanis"]
[Black "jankep"]
[Result "0-1"]
[WhiteCountry "CAN"]
[BlackCountry "POL"]
[WhiteElo "1724"]
[WhiteRD "97"]
[BlackElo "1977"]
[BlackRD "93"]
[GameID "82285"]

1. d4 c5 2. d5 e5 3. e4 d6 4. Nc3 Be7 5. Nf3 Bg4 6. h3 Bxf3 7. Qxf3 Bg5 8. Bxg5 Qxg5 9. Nb5 Qd8 10. Qg4 Kf8
11. Nxd6 Nf6 12. Qc8 Qxc8 13. Nxc8 Nxe4 14. Bd3 Nd7 15. Bxe4 Rxc8 16. O-O-O b5 17. g4 h5 18. Rhg1 hxg4 19. hxg4 Rd8 20. Rg3 Nf6
21. Rh1 Rxh1+ 22. Bxh1 g5 23. b3 b4 24. c4 Ke7 25. Rg1 Rh8 26. Kd2 Nxg4 27. Rxg4 Rxh1 28. Rxg5 Kf6 29. Rg3 Ra1 30. Rf3+ Ke7
31. Ke3 Rxa2 32. Rf5 Ra3
0-1

[Event "Fast SC for NEW members"]
[Site "SchemingMind.com"]
[Date "2006.12.16"]
[Round "-"]
[White "Majoanis"]
[Black "Nightlamp"]
[Result "1/2-1/2"]
[WhiteCountry "CAN"]
[BlackCountry "BEL"]
[WhiteElo "1693"]
[WhiteRD "198"]
[BlackElo "1777"]
[BlackRD "165"]
[GameID "82286"]

1. Nf3 c5 2. c4 e6 3. g3 b6 4. Bg2 Bb7 5. O-O Nf6 6. Nc3 Be7 7. d4 cxd4 8. Qxd4 O-O 9. Rd1 Nc6 10. Qf4 Qb8
11. Qxb8 Raxb8 12. Bf4 Rbc8 13. Ne5 d6 14. Nxc6 Bxc6 15. Bxd6 Bxd6 16. Rxd6 Bxg2 17. Kxg2 Rxc4 18. Rad1 g5 19. Rd8 Rc8=
1/2-1/2

[Event "Fast SC for NEW members"]
[Site "SchemingMind.com"]
[Date "2006.12.15"]
[Round "-"]
[White "Majoanis"]
[Black "Kite"]
[Result "1-0"]
[WhiteCountry "CAN"]
[BlackCountry "USA"]
[WhiteElo "1693"]
[WhiteRD "198"]
[BlackElo "1305"]
[BlackRD "255"]
[GameID "82287"]

1. Nf3 e5 2. Nxe5 Qg5 3. d4 Qf6 4. e4 c5 5. c3 Na6 6. Bc4 b5 7. Bxf7+ Ke7 8. h4 cxd4 9. Bg5 Qxg5 10. hxg5 d6
11. Bxg8 Rxg8 12. Nc6+ Kd7 13. Nxd4 Rb8 14. Rxh7 b4 15. Qh5 bxc3 16. Nxc3 Rxb2 17. Qf7+ Kd8 18. Nc6#
1-0

[Event "Fast SC for NEW members"]
[Site "SchemingMind.com"]
[Date "2006.12.16"]
[Round "-"]
[White "Majoanis"]
[Black "Trilobita"]
[Result "1-0"]
[WhiteCountry "CAN"]
[BlackCountry "BRA"]
[WhiteElo "1769"]
[WhiteRD "70"]
[BlackElo "1504"]
[BlackRD "157"]
[GameID "82288"]

1. d4 d5 2. Nf3 Nf6 3. c4 dxc4 4. e3 e6 5. Bxc4 c5 6. O-O a6 7. Qe2 b5 8. Bd3 Bb7 9. dxc5 Bxc5 10. Bxb5+ axb5
11. Qxb5+ Nfd7 12. Qxb7 Na6 13. Qe4 O-O 14. Nc3 Nf6 15. Qh4 Nd5 16. Qxd8 Rfxd8 17. Nxd5 Rxd5 18. e4 Rdd8 19. Bf4 f6 20. e5 Kf7
21. Rfd1 Nc7 22. Rxd8 Rxd8 23. exf6 Nd5 24. Bg3 gxf6 25. h3 e5 26. Bh4 Rb8 27. b3 Rb4 28. Bg3 Re4 29. Bxe5 fxe5 30. Ng5+ Ke7
31. Nxe4 Bd4 32. Rc1
1-0

[Event "Fast SC for NEW members"]
[Site "SchemingMind.com"]
[Date "2006.12.15"]
[Round "-"]
[White "jankep"]
[Black "Majoanis"]
[Result "1/2-1/2"]
[WhiteCountry "POL"]
[BlackCountry "CAN"]
[WhiteElo "1977"]
[WhiteRD "93"]
[BlackElo "1724"]
[BlackRD "97"]
[GameID "82289"]

1. Nc3 d5 2. e4 c6 3. Nf3 Bg4 4. d4 e6 5. exd5 cxd5 6. Bb5+ Nc6 7. h3 Bxf3 8. Qxf3 Nf6 9. Bg5 Be7 10. O-O O-O
11. Rad1 a6 12. Bxc6 bxc6 13. Rfe1 h6 14. Bf4 Rc8 15. Rd3 c5 16. dxc5 Bxc5 17. a3 Bd6 18. Rd4 Qb6 19. Bxd6 Qxd4 20. Bxf8 Rxf8
21. Rd1 Qb6 22. b4 Rc8 23. Rd3 Rc4 24. Qe2 Qc7 25. Qe1 Ne4 26. Nxe4 Rxe4 27. Qd2 Rc4 28. c3=
1/2-1/2

[Event "Fast SC for NEW members"]
[Site "SchemingMind.com"]
[Date "2006.12.16"]
[Round "-"]
[White "Nightlamp"]
[Black "Majoanis"]
[Result "1-0"]
[WhiteCountry "BEL"]
[BlackCountry "CAN"]
[WhiteElo "1839"]
[WhiteRD "88"]
[BlackElo "1724"]
[BlackRD "97"]
[GameID "82290"]

1. d4 d5 2. Nf3 Nf6 3. g3 c6 4. Bg2 Bf5 5. O-O e6 6. Nh4 Bg6 7. Bg5 Nbd7 8. Nd2 Be7 9. Nxg6 hxg6 10. c3 O-O
11. Qb3 Qb6 12. e4 dxe4 13. Bxf6 Nxf6 14. Nxe4 Qc7 15. Rfe1 a5 16. Re2 Nxe4 17. Bxe4 a4 18. Qc2 Ra5 19. Rae1 Rd8 20. Bxg6 fxg6
21. Rxe6 Bf6 22. Qxg6
1-0

[Event "Fast SC for NEW members"]
[Site "SchemingMind.com"]
[Date "2006.12.15"]
[Round "-"]
[White "Kite"]
[Black "Majoanis"]
[Result "0-1"]
[WhiteCountry "USA"]
[BlackCountry "CAN"]
[WhiteElo "1065"]
[WhiteRD "162"]
[BlackElo "1769"]
[BlackRD "70"]
[GameID "82291"]

1. e4 c6 2. Qf3 d5 3. exd5 cxd5 4. c4 Nf6 5. cxd5 Qxd5 6. b3 g6 7. Bc4 Qe5+ 8. Ne2 Bg7 9. Bb2 Qd6 10. Ba3 Qd8
11. Nbc3 O-O 12. Qd3 Nc6 13. Qg3 Bd7 14. h4 Qb8 15. O-O-O Qxg3 16. Nxg3 a6 17. Rhe1 Rfc8 18. b4 e6 19. Nge4 Nxe4 20. Nxe4 Nd4
21. Bb2 b5 22. Bxd4 Bxd4 23. Nf6+ Bxf6 24. g3 Rxc4+ 25. Kb1 Rxb4+ 26. Kc2 Rc8+ 27. Kd3 Rd4+ 28. Ke2 Re4+ 29. Kf3 Rxe1 30. Rxe1 Bc6+
31. Kg4 h5+ 32. Kh3 Bd5 33. Re3 Rc1 34. f4 Rh1#
0-1

[Event "Fast SC for NEW members"]
[Site "SchemingMind.com"]
[Date "2006.12.16"]
[Round "-"]
[White "Trilobita"]
[Black "Majoanis"]
[Result "0-1"]
[WhiteCountry "BRA"]
[BlackCountry "CAN"]
[WhiteElo "1566"]
[WhiteRD "179"]
[BlackElo "1724"]
[BlackRD "97"]
[GameID "82292"]

1. e4 c6 2. d4 d5 3. exd5 cxd5 4. c4 Nf6 5. Nc3 Nc6 6. h3 e6 7. Bg5 Be7 8. Nf3 O-O 9. Be2 dxc4 10. Bxc4 a6
11. a4 b6 12. O-O Bb7 13. Re1 h6 14. Bh4 Rc8 15. Qe2 Nxd4 16. Nxd4 Qxd4 17. Bxf6 Bxf6 18. Rad1 Qxc4 19. Qe3 Qc6 20. Ne4 Qxe4
21. Qxe4 Bxe4 22. Rxe4 Rfd8 23. Rb1 Rd4 24. Rxd4 Bxd4
0-1

[Event "Fast SC for NEW members"]
[Site "SchemingMind.com"]
[Date "2006.12.17"]
[Round "-"]
[White "Alessandro Dotti Contra"]
[Black "jankep"]
[Result "0-1"]
[WhiteCountry "ITA"]
[BlackCountry "POL"]
[WhiteElo "1285"]
[WhiteRD "229"]
[BlackElo "1975"]
[BlackRD "102"]
[GameID "82534"]

1. e4 e6 2. Nf3 c5 3. Bc4 d5 4. Bb5+ Nd7 5. Ba4 dxe4 6. Bxd7+ Bxd7 7. Ne5 Qg5 8. Nc4 Qxg2 9. Ke2 Qf3+ 10. Ke1 Qxh1+
11. Ke2 Qxh2 12. Qf1 O-O-O 13. Kd1 Bb5 14. Nc3 Qh5+ 15. Ke1 Bxc4 16. Qg1 g6 17. Nxe4 f5 18. Nc3 Ne7 19. b3 Bg7 20. Rb1 Bxc3
21. dxc3 Qd1#
0-1

[Event "Fast SC for NEW members"]
[Site "SchemingMind.com"]
[Date "2006.12.18"]
[Round "-"]
[White "Alessandro Dotti Contra"]
[Black "Nightlamp"]
[Result "0-1"]
[WhiteCountry "ITA"]
[BlackCountry "BEL"]
[WhiteElo "1293"]
[WhiteRD "134"]
[BlackElo "1839"]
[BlackRD "88"]
[GameID "82535"]

1. e4 c5 2. Nf3 e6 3. Bb5 a6 4. Ba4 b5 5. Bb3 c4 6. Bxc4 bxc4 7. O-O d5 8. e5 Ne7 9. Nc3 Ng6 10. d4 cxd3
11. Qxd3 Nd7 12. Re1 Qc7 13. Bd2 Be7 14. Ng5 Ndxe5 15. Nxd5 exd5 16. Qxd5 Bxg5 17. Bxg5 Bb7 18. Qd4 O-O 19. f4 Nc6 20. Qc4 h6
21. Bh4 Nxh4 22. Qd5 Qxf4 23. Rad1 Rad8 24. Qb3 Ba8 25. Rf1 Rxd1 26. Rxd1 Ne5 27. Rf1 Qd4+ 28. Rf2 Nxg2 29. c3 Qg4 30. Kf1 Ne3+
31. Ke1 Rd8 32. Rg2 Rd1+ 33. Kf2 Qf3#
0-1

[Event "Fast SC for NEW members"]
[Site "SchemingMind.com"]
[Date "2006.12.17"]
[Round "-"]
[White "Alessandro Dotti Contra"]
[Black "Majoanis"]
[Result "0-1"]
[WhiteCountry "ITA"]
[BlackCountry "CAN"]
[WhiteElo "1293"]
[WhiteRD "134"]
[BlackElo "1724"]
[BlackRD "97"]
[GameID "82536"]

1. e4 c6 2. Nf3 d5 3. d3 dxe4 4. Ng5 Nf6 5. Nxf7 Kxf7 6. d4 Bg4 7. Qd2 e6 8. Bc4 Nbd7 9. O-O Nb6 10. b3 Nxc4
11. bxc4 Be7 12. a3 Qc7 13. Nc3 Rad8 14. Qe3 Rd7 15. c5 Rhd8 16. h3 Bf5 17. Qg3 Qxg3 18. fxg3 Kg8 19. g4 Bg6 20. Bf4 Nd5
21. Nxd5 exd5 22. c3 b6 23. cxb6 axb6 24. Rab1 b5 25. a4 bxa4 26. Rb6 c5 27. Rc6 cxd4 28. cxd4 a3 29. Ra1 Ra8 30. Rac1 a2
31. Rc8+ Rxc8 32. Rxc8+ Rd8 33. Rc1 Bf6 34. Ra1 Bxd4+ 35. Kf1 Bxa1 36. h4 Bc3 37. Bg5 a1=Q+ 38. Ke2 Qe1#
0-1

[Event "Fast SC for NEW members"]
[Site "SchemingMind.com"]
[Date "2006.12.18"]
[Round "-"]
[White "Alessandro Dotti Contra"]
[Black "Kite"]
[Result "1-0"]
[WhiteCountry "ITA"]
[BlackCountry "USA"]
[WhiteElo "1317"]
[WhiteRD "73"]
[BlackElo "1047"]
[BlackRD "158"]
[GameID "82537"]

1. e4 e5 2. Nf3 Bc5 3. g3 Qf6 4. Bg2 Qd6 5. O-O Nh6 6. d3 Qg6 7. Nh4 Qg4 8. Qf3 Nc6 9. Qxg4 Nxg4 10. c3 O-O
11. d4 exd4 12. cxd4 Nxd4 13. Nc3 Bb4 14. a3 Ne2+ 15. Nxe2 Bc5 16. Bf3 Bxf2+ 17. Rxf2 Nxf2 18. Kxf2 h6 19. Nf5 Re8 20. Be3 Kh7
21. Bd4 f6 22. Rc1 c6 23. Nd6 Re7 24. g4 a6 25. Nf5 Rf7 26. Nd6 Re7 27. Nf4 Ra7 28. Nxc8 c5 29. Bxc5 g5 30. Nxe7 gxf4
31. Bxa7 Kg7 32. Nf5+ Kg6 33. b4 Kg5 34. Kg2
1-0

[Event "Fast SC for NEW members"]
[Site "SchemingMind.com"]
[Date "2006.12.19"]
[Round "-"]
[White "Alessandro Dotti Contra"]
[Black "Trilobita"]
[Result "0-1"]
[WhiteCountry "ITA"]
[BlackCountry "BRA"]
[WhiteElo "1358"]
[WhiteRD "69"]
[BlackElo "1592"]
[BlackRD "131"]
[GameID "82538"]

1. e4 e5 2. Nf3 Nc6 3. Bb5 a6 4. Ba4 Nf6 5. O-O Be7 6. Re1 b5 7. Bb3 d6 8. c3 Bg4 9. d4 exd4 10. cxd4 Bxf3
11. Qxf3 Nxd4 12. Qd1 c5 13. Nd2 c4 14. Bxc4 bxc4 15. Nxc4 Nb5 16. a4 Nc7 17. Bg5 O-O 18. Qd4 Ne6 19. Qb6 h6 20. Bh4 a5
21. e5 Nd5 22. Qxd8 Rfxd8 23. Bxe7 Nxe7 24. exd6 Nc8 25. b4 axb4 26. Red1 Ra6 27. d7 Nc5 28. dxc8=Q Rxc8 29. a5 Nb3 30. Rab1 Rxc4
31. Rxb3 Rxa5 32. h3 g5 33. Rdb1 Rb5 34. Kh2 f5 35. Rd1 Kf7 36. Rbd3 Rc7 37. Rb1 Ke6 38. g3 Rc4 39. Re1+ Re5 40. Rde3 Rxe3
41. fxe3 b3 42. g4 fxg4 43. Rb1 Rc2+ 44. Kg3 Rc3 45. Kxg4 Rxe3 46. h4 Re4+ 47. Kh3 Rxh4+ 48. Kg2 Rb4 49. Kh2 b2 50. Kg3 h5
51. Kh3 Rb3+ 52. Kg2 g4 53. Kg1 h4 54. Kg2 Ke5 55. Kh2 Ke4 56. Kg2 Ke3 57. Kh2 Kd2 58. Rd1+ Kxd1
0-1

[Event "Fast SC for NEW members"]
[Site "SchemingMind.com"]
[Date "2006.12.17"]
[Round "-"]
[White "jankep"]
[Black "Alessandro Dotti Contra"]
[Result "1-0"]
[WhiteCountry "POL"]
[BlackCountry "ITA"]
[WhiteElo "1975"]
[WhiteRD "102"]
[BlackElo "1285"]
[BlackRD "229"]
[GameID "82539"]

1. f4 e5 2. e4 Nf6 3. fxe5 Nxe4 4. Nf3 Bb4 5. c3 Nf2 6. Kxf2 Bc5+ 7. d4 Bb6 8. Bg5 f6 9. exf6 gxf6 10. Qe2+ Kf7
11. Ne5+ Kf8 12. Bh6+ Ke7 13. Nc6+ Kf7 14. Qh5+ Ke6 15. Bc4+ Kd6 16. Qd5#
1-0

[Event "Fast SC for NEW members"]
[Site "SchemingMind.com"]
[Date "2006.12.18"]
[Round "-"]
[White "Nightlamp"]
[Black "Alessandro Dotti Contra"]
[Result "1-0"]
[WhiteCountry "BEL"]
[BlackCountry "ITA"]
[WhiteElo "1839"]
[WhiteRD "88"]
[BlackElo "1293"]
[BlackRD "134"]
[GameID "82540"]

1. d4 d5 2. Nf3 Nc6 3. g3 Nf6 4. Bg2 e6 5. O-O Bb4 6. c4 O-O 7. Qc2 Qe8 8. a3 Ba5 9. b4 Bxb4 10. axb4 Nxb4
11. Qb3 a5 12. Bf4 Nh5 13. Bxc7 Qe7 14. Bxa5 b6 15. Bxb4 Qb7 16. Rxa8 Qxa8 17. Bxf8 dxc4 18. Qa3 Ba6 19. Bb4 f6 20. Nc3 e5
21. dxe5 fxe5 22. Nxe5 Qc8 23. Bd5+ Kh8 24. Nf7+ Kg8 25. Nd6+ Kf8 26. Nxc8+ Ke8 27. Qxa6 Nf6 28. Qb5+ Nd7 29. Nxb6 Kd8 30. Qxd7#
1-0

[Event "Fast SC for NEW members"]
[Site "SchemingMind.com"]
[Date "2006.12.17"]
[Round "-"]
[White "Majoanis"]
[Black "Alessandro Dotti Contra"]
[Result "1-0"]
[WhiteCountry "CAN"]
[BlackCountry "ITA"]
[WhiteElo "1724"]
[WhiteRD "97"]
[BlackElo "1293"]
[BlackRD "134"]
[GameID "82541"]

1. Nf3 e6 2. g3 Nf6 3. Bg2 Bb4 4. O-O O-O 5. c4 c5 6. a3 Ba5 7. d4 Qb6 8. dxc5 Qxc5 9. b4 Qxc4 10. bxa5 Nc6
11. Bb2 Nd5 12. Nbd2 Qg4 13. h3 Qg6 14. Ne5 Qh6 15. Nxc6 bxc6 16. e4 Rb8 17. Bxg7 Qxg7 18. exd5 cxd5 19. Qg4 Qxg4 20. hxg4 Ba6
21. Rfc1 Be2 22. Rc7 Rfd8 23. Rxa7 Rb2 24. Nf3 Rc8 25. a6 f5 26. gxf5 exf5 27. Nd4 Rcb8 28. Nxe2 Rb1+ 29. Rxb1 Rxb1+ 30. Kh2 Re1
31. Nf4 d4 32. Rxd7 Re8 33. a7 h5 34. Bd5+ Kf8 35. Ng6#
1-0

[Event "Fast SC for NEW members"]
[Site "SchemingMind.com"]
[Date "2006.12.18"]
[Round "-"]
[White "Kite"]
[Black "Alessandro Dotti Contra"]
[Result "0-1"]
[WhiteCountry "USA"]
[BlackCountry "ITA"]
[WhiteElo "1065"]
[WhiteRD "162"]
[BlackElo "1408"]
[BlackRD "106"]
[GameID "82542"]

1. e4 e5 2. Qh5 Nf6 3. Qxe5+ Be7 4. Bc4 O-O 5. b3 Nc6 6. Qf5 Nd4 7. Qh3 Nxc2+ 8. Kd1 Nxa1 9. Bb2 Nxb3 10. Bxb3 d5
11. Qe3 Nxe4 12. d3 Nc5 13. Nc3 d4 14. Qe5 Nxd3 15. Nd5 Nxe5 16. f4 Nd3 17. Bxd4 c5 18. Bc3 Nf2+ 19. Ke1 Nxh1 20. Nh3 b5
21. Kf1 b4 22. Be5 Ba6+ 23. Kg1 c4 24. Bc2 Qxd5 25. f5 Qxe5 26. Kxh1 Qc3 27. Be4 Rad8 28. Nf4 Qc1#
0-1

[Event "Fast SC for NEW members"]
[Site "SchemingMind.com"]
[Date "2006.12.19"]
[Round "-"]
[White "Trilobita"]
[Black "Alessandro Dotti Contra"]
[Result "1-0"]
[WhiteCountry "BRA"]
[BlackCountry "ITA"]
[WhiteElo "1547"]
[WhiteRD "148"]
[BlackElo "1317"]
[BlackRD "73"]
[GameID "82543"]

1. e4 e5 2. f4 d6 3. Nf3 Nf6 4. Nc3 Be7 5. Bc4 O-O 6. O-O Bg4 7. d3 c6 8. fxe5 dxe5 9. Qe1 Bc5+ 10. Be3 Na6
11. Bxa6 bxa6 12. Bxc5 Re8 13. Qe3 Nd5 14. Nxd5 cxd5 15. exd5 Qxd5 16. c4 Qe6 17. Ng5 Qh6 18. Nxf7 Qxe3+ 19. Bxe3 e4 20. Nd6 Red8
21. Nxe4 Rxd3 22. Rae1 Rc8 23. b3 Rc6 24. Bc1 Re6 25. Ba3 Bf5 26. Nc5 Rxe1 27. Rxe1 Rd2 28. Bb4 Rxa2 29. h3 a5 30. Bc3 g6
31. Re3 Bc2 32. Bd4 h6 33. Rf3 Bd1 34. Re3 Rc2 35. Ne4 Rc1 36. Re1 Rc2 37. Rxd1 Re2 38. Ng3 Re6 39. Bxa7 Kf7 40. Rd7+ Ke8
41. Rd5 Ke7 42. Rxa5 Re1+ 43. Kf2 Rc1 44. Ke3 Re1+ 45. Ne2 g5 46. b4 Kd7 47. Bd4 h5 48. Rxg5
1-0